|
|
|
|
| LEADER |
01086nam a2200277 a 4500 |
| 001 |
00022324 |
| 008 |
110419s1988 bg w 000 0 mul d |
| 040 |
|
|
|a BD-DhAAL
|c BD-DhAAL
|
| 041 |
|
|
|a Eng
|a Ben
|
| 082 |
0 |
0 |
|a 348.5492/046
|2 22
|
| 130 |
0 |
|
|a DLR
|
| 245 |
0 |
4 |
|a The Dhaka Law Reports :
|b table of cases of the appellate division of the supreme court of Bangladesh,
|n volume no. 40
|
| 246 |
1 |
7 |
|a The Dhaka Law Reports.
|
| 260 |
|
|
|a Dhaka :
|b Dhaka Law Reports,
|c 1988
|
| 300 |
|
|
|a 303,568,120 p. :
|c 25 cm.
|
| 362 |
0 |
|
|a Vol.XL,1988
|
| 500 |
|
|
|a "A journal of law reports."
|
| 500 |
|
|
|a Latest issue consulted: Vol.XL,January to December,1988
|
| 590 |
|
|
|a Published yearly.
|
| 541 |
|
|
|e 00022324
|
| 650 |
|
0 |
|a Law reports, digests, etc.
|z Bangladesh.
|
| 650 |
|
0 |
|a Law reports, digests, etc.
|z India
|z Bengal.
|
| 852 |
4 |
|
|a Ayesha Abed Library
|j General shelf
|
| 942 |
0 |
0 |
|0 1
|
| 999 |
|
|
|c 10730
|d 10730
|
| 952 |
|
|
|0 0
|1 0
|2 ddc
|4 0
|6 348_549204600000000_DHA
|7 0
|8 REF
|9 16145
|a BRACUL
|b BRACUL
|c CIR
|d 2011-04-19
|l 22
|o 348.5492046 DHA
|p 3010022324
|r 2015-11-18
|s 2015-11-18
|t 1
|w 2011-04-19
|y 1HOUR
|x Available
|